[Event "Edinburgh m Rowson-Arkell"]
[Site "Edinburgh, Capital Moat House"]
[Date "1996.12.14"]
[Round "1"]
[White "Rowson, Jonathan"]
[Black "Arkell, Keith C"]
[Result "1-0"]
[WhiteElo "2425"]
[BlackElo "2545"]
[PlyCount "95"]
[EventDate "1996.12.14"]
[EventType "match"]
[EventRounds "6"]
[EventCountry "SCO"]
[SourceTitle "BritBase"]
[Source "John Saunders"]
[SourceDate "2024.07.04"]
[SourceVersion "1"]
[SourceVersionDate "2024.07.04"]
[SourceQuality "1"]

1. e4 d5 2. exd5 Nf6 3. Nf3 Nxd5 4. d4 Bf5 5. Nh4 Bg6 6. Nd2 e6 7. Nxg6 hxg6 8.
Nf3 Nd7 9. g3 c6 10. Bg2 Be7 11. O-O O-O 12. c4 N5f6 13. Qe2 Re8 14. Rd1 Qc7
15. b3 Rad8 16. Bb2 Bf8 17. Bc3 a5 18. Rac1 Qb6 19. Ng5 Bb4 20. c5 Qa7 21. Bb2
a4 22. a3 Ba5 23. b4 Bc7 24. b5 cxb5 25. Qxb5 Nd5 26. Rc4 Qa5 27. Qxb7 N7f6 28.
Qc6 Ra8 29. Ne4 Ra6 30. Nxf6+ Nxf6 31. Bc3 Rxc6 32. Bxa5 Nd5 33. Bxc7 Rxc7 34.
Rb1 Ra7 35. Kf1 Kf8 36. Bxd5 exd5 37. Rcb4 Rc8 38. Rb7 Ra6 39. R1b6 Rxb6 40.
Rxb6 Ke7 41. h4 Rf8 42. Ke2 Rh8 43. Rb4 Ra8 44. Ke3 Ra6 45. Rb7+ Ke8 46. Rb6
Ra7 47. Kd2 f6 48. c6 1-0

[Event "Edinburgh m Rowson-Arkell"]
[Site "Edinburgh, Capital Moat House"]
[Date "1996.12.15"]
[Round "2"]
[White "Arkell, Keith C"]
[Black "Rowson, Jonathan"]
[Result "0-1"]
[WhiteElo "2545"]
[BlackElo "2425"]
[PlyCount "110"]
[EventDate "1996.12.14"]
[EventType "match"]
[EventRounds "6"]
[EventCountry "SCO"]
[SourceTitle "BritBase"]
[Source "John Saunders"]
[SourceDate "2024.07.04"]
[SourceVersion "1"]
[SourceVersionDate "2024.07.04"]
[SourceQuality "1"]

1. d4 Nf6 2. Nf3 g6 3. c4 Bg7 4. g3 O-O 5. Bg2 d6 6. O-O Nbd7 7. d5 Nb6 8. Nbd2
a5 9. a4 Nfd7 10. Ra2 Nc5 11. b3 c6 12. Ne1 cxd5 13. cxd5 e6 14. dxe6 Bxe6 15.
Bb2 Bxb2 16. Rxb2 Qf6 17. Qa1 Nd5 18. Nd3 Nxd3 19. exd3 Nb4 20. Ne4 Qd4 21. Rd2
Qxa1 22. Rxa1 Rfd8 23. Rb1 Bf5 24. g4 Be6 25. g5 Kg7 26. Nf6 d5 27. d4 Rac8 28.
Re2 h6 29. h4 hxg5 30. hxg5 Rc3 31. Re3 Rdc8 32. Rbe1 Kf8 33. Bf1 Ke7 34. Bh3
Rxe3 35. Rxe3 Rc1+ 36. Kg2 Rd1 37. Bxe6 fxe6 38. Rh3 Rxd4 39. Rh7+ Kd6 40. Rxb7
Nd3 41. Ra7 Rb4 42. Rxa5 Rxb3 43. Kg3 Ke5 44. Ra8 Nc5+ 45. Kh4 d4 46. Rd8 d3
47. a5 Kf4 48. Ng4 Kf3 49. Ne5+ Ke2 50. Nxg6 Rb4+ 51. Kg3 Ne4+ 52. Kg2 Nxg5 53.
f4 Nf7 54. Re8 d2 55. Rxe6+ Kd3 0-1

[Event "Edinburgh m Rowson-Arkell"]
[Site "Edinburgh, Capital Moat House"]
[Date "1996.12.16"]
[Round "3"]
[White "Rowson, Jonathan"]
[Black "Arkell, Keith C"]
[Result "0-1"]
[WhiteElo "2425"]
[BlackElo "2545"]
[PlyCount "96"]
[EventDate "1996.12.14"]
[EventType "match"]
[EventRounds "6"]
[EventCountry "SCO"]
[SourceTitle "BritBase"]
[Source "John Saunders"]
[SourceDate "2024.07.04"]
[SourceVersion "1"]
[SourceVersionDate "2024.07.04"]
[SourceQuality "1"]

1. e4 c6 2. d4 d5 3. Nd2 dxe4 4. Nxe4 Nd7 5. Ng5 Ngf6 6. Bd3 e6 7. N1f3 Bd6 8.
Qe2 h6 9. Ne4 Nxe4 10. Bxe4 Qc7 11. Bd2 Nf6 12. Bd3 b6 13. Ne5 Bb7 14. f4 O-O-O
15. O-O-O Kb8 16. Kb1 Rhe8 17. Rhf1 c5 18. dxc5 Bxc5 19. g4 Nd5 20. Bb5 Rg8 21.
Bc1 Bd6 22. Rd4 Bc5 23. Ra4 Nb4 24. f5 f6 25. a3 Nd5 26. Nd3 e5 27. Rc4 Qd6 28.
Nxc5 bxc5 29. Ra4 Nb6 30. Ra5 Qc7 31. Ba6 Bxa6 32. Qxa6 Rd5 33. Be3 Rgd8 34. c4
Nxc4 35. Rb5+ Ka8 36. Bc1 R8d6 37. Qa4 Rd4 38. Qc2 Rb6 39. Rb3 Rxb3 40. Qxb3
Qb7 41. Qxb7+ Kxb7 42. Rg1 Nd2+ 43. Ka2 c4 44. g5 hxg5 45. Bxd2 Rxd2 46. h4 c3
47. hxg5 Rxb2+ 48. Ka1 Rf2 0-1

[Event "Edinburgh m Rowson-Arkell"]
[Site "Edinburgh, Capital Moat House"]
[Date "1996.12.17"]
[Round "4"]
[White "Arkell, Keith C"]
[Black "Rowson, Jonathan"]
[Result "0-1"]
[WhiteElo "2545"]
[BlackElo "2425"]
[PlyCount "190"]
[EventDate "1996.12.14"]
[EventType "match"]
[EventRounds "6"]
[EventCountry "SCO"]
[SourceTitle "BritBase"]
[Source "John Saunders"]
[SourceDate "2024.07.04"]
[SourceVersion "1"]
[SourceVersionDate "2024.07.04"]
[SourceQuality "1"]

1. d4 Nf6 2. Nf3 g6 3. b4 Bg7 4. Bb2 d6 5. Nbd2 Nbd7 6. e3 O-O 7. Rb1 Re8 8.
Nc4 b6 9. Be2 Bb7 10. O-O c5 11. dxc5 dxc5 12. b5 Qc7 13. h3 Rad8 14. Qc1 e5
15. Rd1 e4 16. Nh2 Bd5 17. Ba1 h5 18. Qa3 Bf8 19. Nf1 Bxc4 20. Bxc4 Bd6 21. Qb3
Re7 22. Rd2 Be5 23. Bxe5 Nxe5 24. Rbd1 Red7 25. Qc3 Rxd2 26. Rxd2 Rxd2 27. Nxd2
Qd6 28. Bf1 h4 29. Nc4 Nxc4 30. Qxc4 g5 31. Qa4 Qd7 32. Qa3 Kg7 33. Qc3 Kg6 34.
Be2 Qd5 35. a3 Qd6 36. a4 Kg7 37. a5 Kf8 38. a6 Ke7 39. Kh1 Nd7 40. Qc4 Qe5 41.
Kg1 Nf6 42. Qb3 Qa1+ 43. Bf1 Kf8 44. Qc4 Qe1 45. Qb3 Kg7 46. Qb2 Kg6 47. Qe5 g4
48. g3 hxg3 49. Qxg3 Qd1 50. h4 Qf3 51. Qe5 g3 52. Qg5+ Kh7 53. Qxg3 Qxg3+ 54.
fxg3 Ng4 55. Bg2 f5 56. Bh3 Nh6 57. Kf2 Kg6 58. Ke2 Kf6 59. Kf2 Ke7 60. Bf1 Nf7
61. Be2 Ne5 62. Ke1 Kf6 63. Kf2 Kg6 64. Kg2 Kf6 65. Kh3 Kg6 66. c3 Kf6 67. g4
fxg4+ 68. Kg3 Kf5 69. h5 Kg5 70. h6 Kxh6 71. Kf4 g3 72. Bf1 Nc4 73. Bg2 Nd6 74.
Kxg3 Kg5 75. Bf1 c4 76. Kf2 Kf6 77. Ke1 Ke5 78. Kd2 Kd5 79. Bh3 Nxb5 80. Bc8
Nc7 81. Bb7+ Ke5 82. Kc2 Nd5 83. Kd2 Nf6 84. Bc6 Kd6 85. Bb7 Kc5 86. Ba8 b5 87.
Bb7 Nd5 88. Bc8 Kd6 89. Bb7 Nc7 90. Kc2 Ke5 91. Bc6 Kd6 92. Bb7 Kc5 93. Kb2 Kb6
94. Bxe4 Nxa6 95. Bd5 Kc5 0-1

[Event "Edinburgh m Rowson-Arkell"]
[Site "Edinburgh, Capital Moat House"]
[Date "1996.12.18"]
[Round "5"]
[White "Rowson, Jonathan"]
[Black "Arkell, Keith C"]
[Result "1/2-1/2"]
[WhiteElo "2425"]
[BlackElo "2545"]
[PlyCount "53"]
[EventDate "1996.12.14"]
[EventType "match"]
[EventRounds "6"]
[EventCountry "SCO"]
[SourceTitle "BritBase"]
[Source "John Saunders"]
[SourceDate "2024.07.04"]
[SourceVersion "1"]
[SourceVersionDate "2024.07.04"]
[SourceQuality "1"]

1. e4 c6 2. d4 d5 3. Nd2 dxe4 4. Nxe4 Nd7 5. Ng5 Ngf6 6. Bd3 Nb6 7. N1f3 Bg4 8.
h3 Bxf3 9. Nxf3 e6 10. O-O Be7 11. c4 O-O 12. b3 Qc7 13. Bb2 Rad8 14. Qc2 h6
15. Rad1 c5 16. dxc5 Qxc5 17. Rfe1 Nbd7 18. Bf1 Rfe8 19. g3 Qc7 20. Bg2 Bc5 21.
Nd4 Rc8 22. Qe2 a6 23. a3 Bf8 24. b4 Nb6 25. c5 Nbd5 26. Nb3 Red8 27. Be5
1/2-1/2

[Event "Edinburgh m Rowson-Arkell"]
[Site "Edinburgh, Capital Moat House"]
[Date "1996.12.19"]
[Round "6"]
[White "Arkell, Keith C"]
[Black "Rowson, Jonathan"]
[Result "1/2-1/2"]
[WhiteElo "2545"]
[BlackElo "2425"]
[PlyCount "22"]
[EventDate "1996.12.14"]
[EventType "match"]
[EventRounds "6"]
[EventCountry "SCO"]
[SourceTitle "BritBase"]
[Source "John Saunders"]
[SourceDate "2024.07.04"]
[SourceVersion "1"]
[SourceVersionDate "2024.07.04"]
[SourceQuality "1"]

1. e4 c5 2. Nf3 d6 3. d4 cxd4 4. Nxd4 Nf6 5. Nc3 a6 6. Be2 e5 7. Nb3 Be7 8. O-O
O-O 9. Kh1 Qc7 10. f4 b5 11. Bd3 b4 1/2-1/2

[Event "Caledonian Masters 1st"]
[Site "Edinburgh, Capital Moat House"]
[Date "1996.12.15"]
[Round "1"]
[White "Bryson, Douglas Marshall"]
[Black "Shaw, John Kerr"]
[Result "0-1"]
[WhiteElo "2380"]
[BlackElo "2355"]
[PlyCount "116"]
[EventDate "1996.12.15"]
[EventType "tourn"]
[EventRounds "9"]
[EventCountry "SCO"]
[EventCategory "4"]
[SourceTitle "BritBase"]
[Source "John Saunders"]
[SourceDate "2024.07.04"]
[SourceVersion "1"]
[SourceVersionDate "2024.07.04"]
[SourceQuality "1"]

1. e4 d6 2. Nc3 Nf6 3. f4 Bg4 4. Nf3 e6 5. h3 Bxf3 6. Qxf3 Nc6 7. d3 d5 8. exd5
exd5 9. Bd2 Qe7+ 10. Qe2 Nd4 11. Qxe7+ Bxe7 12. O-O-O h5 13. Ne2 Nf5 14. g3
O-O-O 15. Bg2 Bc5 16. Bf3 Rde8 17. Rh2 Re6 18. c3 c6 19. Rf1 Kc7 20. Be1 Re3
21. Kd2 Re7 22. Bf2 Bxf2 23. Rhxf2 Ne4+ 24. dxe4 dxe4 25. Bxe4 Rxe4 26. Rg1
Rd8+ 27. Kc1 g6 28. g4 hxg4 29. hxg4 Ne3 30. Nd4 c5 31. Nc2 Nd5 32. Rgf1 Rh8
33. g5 Rh4 34. f5 Rhg4 35. Rd2 Ne7 36. f6 Nc6 37. Rfd1 Ne5 38. Rd5 b6 39. Na3
a6 40. Rd8 Rxg5 41. Ra8 Kb7 42. Rad8 Rf5 43. R8d6 Rf2 44. b3 b5 45. b4 c4 46.
R1d2 Re1+ 47. Kc2 Rff1 48. R2d5 Re2+ 49. Rd2 Re3 50. R2d5 Rf2+ 51. Kd1 Rxa2 52.
Nc2 Rd3+ 53. Kc1 Rxc3 54. Rxe5 Raxc2+ 55. Kd1 Rd3+ 56. Kxc2 Rxd6 57. Re7+ Kc6
58. Rxf7 Kd5 0-1

[Event "Caledonian Masters 1st"]
[Site "Edinburgh, Capital Moat House"]
[Date "1996.12.15"]
[Round "1"]
[White "Kinsman, Andrew PH"]
[Black "Daly, Colm"]
[Result "1/2-1/2"]
[WhiteElo "2400"]
[BlackElo "2295"]
[PlyCount "65"]
[EventDate "1996.12.15"]
[EventType "tourn"]
[EventRounds "9"]
[EventCountry "SCO"]
[EventCategory "4"]
[SourceTitle "BritBase"]
[Source "John Saunders"]
[SourceDate "2024.07.04"]
[SourceVersion "1"]
[SourceVersionDate "2024.07.04"]
[SourceQuality "1"]

1. d4 d5 2. Nf3 Nf6 3. c4 c6 4. Nc3 e6 5. Bg5 Nbd7 6. e3 Qa5 7. Nd2 dxc4 8.
Bxf6 Nxf6 9. Nxc4 Qc7 10. Rc1 Be7 11. Be2 O-O 12. Bf3 Rd8 13. Qb3 Bd7 14. O-O
Be8 15. Rfd1 Rac8 16. e4 Qb8 17. a4 Bf8 18. a5 Rc7 19. Rc2 b5 20. axb6 axb6 21.
Qxb6 Rb7 22. Qa5 Ra7 23. Qg5 Qb3 24. Ne3 h6 25. Qf4 Bb4 26. h3 Rad7 27. e5 Nd5
28. Ncxd5 cxd5 29. Rdc1 Ra7 30. Nf1 Be7 31. Qe3 Qb8 32. Bd1 Rb7 33. Qc3 1/2-1/2

[Event "Caledonian Masters 1st"]
[Site "Edinburgh, Capital Moat House"]
[Date "1996.12.15"]
[Round "1"]
[White "Mannion, Stephen R"]
[Black "Ferguson, Mark"]
[Result "1/2-1/2"]
[WhiteElo "2365"]
[BlackElo "2385"]
[PlyCount "46"]
[EventDate "1996.12.15"]
[EventType "tourn"]
[EventRounds "9"]
[EventCountry "SCO"]
[EventCategory "4"]
[SourceTitle "BritBase"]
[Source "John Saunders"]
[SourceDate "2024.07.04"]
[SourceVersion "1"]
[SourceVersionDate "2024.07.04"]
[SourceQuality "1"]

1. e4 e5 2. Nf3 Nc6 3. Bb5 Nf6 4. O-O Nxe4 5. d4 Nd6 6. Bxc6 dxc6 7. dxe5 Nf5
8. Qxd8+ Kxd8 9. Nc3 Be6 10. b3 h6 11. Bb2 a5 12. Rfd1+ Kc8 13. Rd3 Bb4 14.
Rad1 Bxc3 15. Bxc3 c5 16. Nd2 a4 17. Ne4 b6 18. h3 c4 19. bxc4 Bxc4 20. Rd7 Be6
21. R7d3 Bc4 22. Rd7 Be6 23. R7d3 Bc4 1/2-1/2

[Event "Caledonian Masters 1st"]
[Site "Edinburgh, Capital Moat House"]
[Date "1996.12.15"]
[Round "1"]
[White "Richardson, John R"]
[Black "Pigott, John C"]
[Result "0-1"]
[WhiteElo "2310"]
[BlackElo "2360"]
[PlyCount "71"]
[EventDate "1996.12.15"]
[EventType "tourn"]
[EventRounds "9"]
[EventCountry "SCO"]
[EventCategory "4"]
[SourceTitle "BritBase"]
[Source "John Saunders"]
[SourceDate "2024.07.04"]
[SourceVersion "1"]
[SourceVersionDate "2024.07.04"]
[SourceQuality "1"]

1. d4 Nf6 2. c4 e6 3. Nc3 Bb4 4. e3 b6 5. Bd3 Bb7 6. Nge2 Bxg2 7. Rg1 Be4 8. a3
Bxc3+ 9. Nxc3 Bg6 10. e4 d6 11. Bg5 e5 12. f4 exf4 13. Nd5 Nbd7 14. e5 dxe5 15.
dxe5 Nxe5 16. Bxg6 hxg6 17. Qe2 Qd6 18. O-O-O f3 19. Qe3 O-O-O 20. Bf4 Nfd7 21.
Kb1 Qc5 22. Qc3 f6 23. Rc1 Kb7 24. b4 Qc6 25. Rge1 Rh4 26. Ne7 Qe6 27. Nxg6
Qf5+ 28. Ka1 Qxg6 29. c5 Rxf4 30. c6+ Kb8 31. cxd7 Rc4 32. Qb2 Rxc1+ 33. Qxc1
Rxd7 34. Re3 f2 35. Rg3 Qf5 36. Rg2 0-1

[Event "Caledonian Masters 1st"]
[Site "Edinburgh, Capital Moat House"]
[Date "1996.12.15"]
[Round "2"]
[White "Ferguson, Mark"]
[Black "Kinsman, Andrew PH"]
[Result "1/2-1/2"]
[WhiteElo "2385"]
[BlackElo "2400"]
[PlyCount "22"]
[EventDate "1996.12.15"]
[EventType "tourn"]
[EventRounds "9"]
[EventCountry "SCO"]
[EventCategory "4"]
[SourceTitle "BritBase"]
[Source "John Saunders"]
[SourceDate "2024.07.04"]
[SourceVersion "1"]
[SourceVersionDate "2024.07.04"]
[SourceQuality "1"]

1. e4 e6 2. d4 d5 3. Nd2 Nf6 4. e5 Nfd7 5. c3 c5 6. f4 Nc6 7. Ndf3 Qb6 8. h4
Be7 9. g3 a5 10. Kf2 a4 11. a3 f5 1/2-1/2

[Event "Caledonian Masters 1st"]
[Site "Edinburgh, Capital Moat House"]
[Date "1996.12.15"]
[Round "2"]
[White "Grant, Jonathan"]
[Black "Richardson, John R"]
[Result "0-1"]
[WhiteElo "2265"]
[BlackElo "2310"]
[PlyCount "84"]
[EventDate "1996.12.15"]
[EventType "tourn"]
[EventRounds "9"]
[EventCountry "SCO"]
[EventCategory "4"]
[SourceTitle "BritBase"]
[Source "John Saunders"]
[SourceDate "2024.07.04"]
[SourceVersion "1"]
[SourceVersionDate "2024.07.04"]
[SourceQuality "1"]

1. c4 Nf6 2. Nc3 e6 3. e4 d5 4. e5 d4 5. exf6 dxc3 6. bxc3 Qxf6 7. d4 Nd7 8.
Nf3 h6 9. Bd3 Bd6 10. Qe2 b6 11. Rb1 Bb7 12. Nd2 Bxg2 13. Rg1 Bb7 14. Ne4 Bxe4
15. Qxe4 Rd8 16. h4 Kf8 17. Be3 c5 18. a4 cxd4 19. cxd4 e5 20. Rb5 Re8 21. dxe5
Nxe5 22. Be2 Bc5 23. Bxc5+ bxc5 24. Kf1 Ng6 25. Qb1 Qe6 26. Qb2 Qh3+ 27. Ke1
Ne5 28. Rb3 Qxh4 29. Re3 Qd4 30. Qb1 g6 31. Kf1 Kg7 32. Re4 Rb8 33. Qc2 Rb2 34.
Rxd4 Rxc2 35. Re4 Rc1+ 36. Kg2 Rxg1+ 37. Kxg1 Kf6 38. f4 Nc6 39. Kf2 Rb8 40.
Re3 Nd4 41. Bf1 Rb2+ 42. Kg1 Ra2 0-1

[Event "Caledonian Masters 1st"]
[Site "Edinburgh, Capital Moat House"]
[Date "1996.12.15"]
[Round "2"]
[White "Shaw, John Kerr"]
[Black "Pigott, John C"]
[Result "1/2-1/2"]
[WhiteElo "2355"]
[BlackElo "2360"]
[PlyCount "50"]
[EventDate "1996.12.15"]
[EventType "tourn"]
[EventRounds "9"]
[EventCountry "SCO"]
[EventCategory "4"]
[SourceTitle "BritBase"]
[Source "John Saunders"]
[SourceDate "2024.07.04"]
[SourceVersion "1"]
[SourceVersionDate "2024.07.04"]
[SourceQuality "1"]

1. e4 c5 2. d3 Nc6 3. f4 d5 4. Be2 g6 5. Nf3 Bg7 6. O-O e6 7. c3 Nge7 8. Na3
O-O 9. Nc2 b6 10. e5 d4 11. c4 f6 12. exf6 Bxf6 13. Nd2 e5 14. Ne4 Bg7 15. fxe5
Nxe5 16. Rb1 a5 17. a3 Rxf1+ 18. Qxf1 a4 19. Bg5 h6 20. Bf6 Qf8 21. b4 axb3 22.
Rxb3 Nd7 23. Bxg7 Qxf1+ 24. Kxf1 Kxg7 25. Bg4 Ne5 1/2-1/2

[Event "Caledonian Masters 1st"]
[Site "Edinburgh, Capital Moat House"]
[Date "1996.12.16"]
[Round "3"]
[White "Kinsman, Andrew PH"]
[Black "Bryson, Douglas Marshall"]
[Result "1-0"]
[WhiteElo "2400"]
[BlackElo "2380"]
[PlyCount "49"]
[EventDate "1996.12.15"]
[EventType "tourn"]
[EventRounds "9"]
[EventCountry "SCO"]
[EventCategory "4"]
[SourceTitle "BritBase"]
[Source "John Saunders"]
[SourceDate "2024.07.04"]
[SourceVersion "1"]
[SourceVersionDate "2024.07.04"]
[SourceQuality "1"]

1. d4 d5 2. Nf3 Nf6 3. c4 e6 4. g3 dxc4 5. Bg2 b5 6. a4 c6 7. axb5 cxb5 8. Ne5
Nd5 9. Nc3 Bb4 10. O-O Bxc3 11. e4 Nf6 12. bxc3 Nbd7 13. Nc6 Qc7 14. d5 e5 15.
Be3 a6 16. f4 O-O 17. fxe5 Nxe5 18. Nxe5 Qxe5 19. Bd4 Qg5 20. e5 Ng4 21. e6 Nh6
22. e7 Re8 23. d6 Bd7 24. Bxa8 Rxa8 25. Qf3 1-0

[Event "Caledonian Masters 1st"]
[Site "Edinburgh, Capital Moat House"]
[Date "1996.12.16"]
[Round "3"]
[White "Pigott, John C"]
[Black "Grant, Jonathan"]
[Result "1/2-1/2"]
[WhiteElo "2360"]
[BlackElo "2265"]
[PlyCount "94"]
[EventDate "1996.12.15"]
[EventType "tourn"]
[EventRounds "9"]
[EventCountry "SCO"]
[EventCategory "4"]
[SourceTitle "BritBase"]
[Source "John Saunders"]
[SourceDate "2024.07.04"]
[SourceVersion "1"]
[SourceVersionDate "2024.07.04"]
[SourceQuality "1"]

1. d4 Nf6 2. c4 e6 3. Nc3 Bb4 4. Qc2 c5 5. dxc5 O-O 6. a3 Bxc5 7. Nf3 Nc6 8.
Bf4 d5 9. e3 Qa5 10. Rd1 Be7 11. Nd2 e5 12. Bg5 d4 13. Nb3 Qc7 14. Bxf6 Bxf6
15. Nd5 Qd8 16. Bd3 g6 17. exd4 exd4 18. Nxf6+ Qxf6 19. O-O Rd8 20. Be4 Bd7 21.
Nc5 b6 22. Nxd7 Rxd7 23. Qa4 Rc8 24. Rfe1 Ne5 25. Bd5 Rdc7 26. b3 Ng4 27. Rf1
Qe5 28. g3 Re7 29. Bf3 Qf5 30. Bxg4 Qxg4 31. Qb4 Rce8 32. Qd2 Rd8 33. Qd3 Re5
34. Rfe1 Rh5 35. f3 Qh3 36. Rd2 Qd7 37. Re4 Qc6 38. Rxd4 Rxd4 39. Qxd4 Qxf3 40.
Qd8+ Kg7 41. Qd4+ Qf6 42. Qxf6+ Kxf6 43. Rd7 Ra5 44. a4 h5 45. Kf2 g5 46. Rc7
Rf5+ 47. Kg2 Ra5 1/2-1/2

[Event "Caledonian Masters 1st"]
[Site "Edinburgh, Capital Moat House"]
[Date "1996.12.16"]
[Round "3"]
[White "Richardson, John R"]
[Black "Daly, Colm"]
[Result "0-1"]
[WhiteElo "2310"]
[BlackElo "2295"]
[PlyCount "102"]
[EventDate "1996.12.15"]
[EventType "tourn"]
[EventRounds "9"]
[EventCountry "SCO"]
[EventCategory "4"]
[SourceTitle "BritBase"]
[Source "John Saunders"]
[SourceDate "2024.07.04"]
[SourceVersion "1"]
[SourceVersionDate "2024.07.04"]
[SourceQuality "1"]

1. d4 Nf6 2. c4 g6 3. Nc3 Bg7 4. Nf3 O-O 5. g3 d6 6. Bg2 c6 7. O-O Bf5 8. Nh4
Be6 9. d5 cxd5 10. cxd5 Bd7 11. h3 b5 12. e4 a5 13. Be3 Na6 14. Re1 Qb8 15. f4
Ne8 16. Qd2 Nec7 17. e5 b4 18. Ne4 dxe5 19. d6 exd6 20. Nxd6 exf4 21. Bxf4 Ra7
22. Nc4 Bb5 23. Nxa5 Rd8 24. Qf2 Bd4 25. Be3 Ne6 26. Bxd4 Nxd4 27. Nf3 Nxf3+
28. Bxf3 Rad7 29. Rad1 Rxd1 30. Rxd1 Rxd1+ 31. Bxd1 Qd8 32. Bb3 Qe7 33. Nc4 Nc5
34. Qe3 Qf8 35. Qe5 Bd7 36. Kh2 Be6 37. Nd6 Nxb3 38. axb3 Qb8 39. Qd4 Qc7 40.
Nc4 h5 41. h4 Qc6 42. Nd2 Bd5 43. Nc4 Qe6 44. Qd3 Kh7 45. Ne3 Bb7 46. Ng2 Qc6
47. Qd2 Qf3 48. Qc2 Bd5 49. Qd2 Be4 50. Kh3 Qf5+ 51. Kh2 Qf1 0-1

[Event "Caledonian Masters 1st"]
[Site "Edinburgh, Capital Moat House"]
[Date "1996.12.16"]
[Round "4"]
[White "Daly, Colm"]
[Black "Pigott, John C"]
[Result "1-0"]
[WhiteElo "2295"]
[BlackElo "2360"]
[PlyCount "173"]
[EventDate "1996.12.15"]
[EventType "tourn"]
[EventRounds "9"]
[EventCountry "SCO"]
[EventCategory "4"]
[SourceTitle "BritBase"]
[Source "John Saunders"]
[SourceDate "2024.07.04"]
[SourceVersion "1"]
[SourceVersionDate "2024.07.04"]
[SourceQuality "1"]

1. d4 Nf6 2. c4 e6 3. Nf3 b6 4. e3 Bb7 5. Bd3 c5 6. O-O g6 7. Nc3 Bg7 8. d5
exd5 9. cxd5 Nxd5 10. Nxd5 Bxd5 11. Bxg6 hxg6 12. Qxd5 Nc6 13. e4 Rh5 14. Qd3
Qc7 15. g3 Ne5 16. Nxe5 Bxe5 17. a4 c4 18. Qe2 Ke7 19. Kg2 Qc6 20. f4 Rah8 21.
h4 Bf6 22. Bd2 Kf8 23. Rac1 d5 24. Bb4+ Kg7 25. b3 Qe6 26. e5 Bxh4 27. g4 R5h6
28. Rh1 Be7 29. Rxh6 Rxh6 30. Be1 d4 31. Qf3 cxb3 32. Bg3 b2 33. Rb1 Qa2 34.
Qd3 Rh8 35. f5 f6 36. g5 Qd5+ 37. Qf3 Qxf3+ 38. Kxf3 gxf5 39. exf6+ Bxf6 40.
gxf6+ Kxf6 41. Rxb2 Rc8 42. Rb4 Rc3+ 43. Kf4 d3 44. Rd4 Ra3 45. Rd6+ Ke7 46.
Kxf5 Rxa4 47. Rxd3 Ra5+ 48. Be5 a6 49. Rd6 Rb5 50. Rc6 Rb1 51. Rc7+ Kd8 52. Ke6
Rh1 53. Rc6 Re1 54. Rxb6 Rc1 55. Rb8+ Rc8 56. Rb7 Rc6+ 57. Bd6 Rc1 58. Kd5 Rd1+
59. Kc6 Rc1+ 60. Bc5 Ke8 61. Re7+ Kd8 62. Rf7 Re1 63. Rf8+ Re8 64. Rf1 Re6+ 65.
Kd5 Re2 66. Rf8+ Re8 67. Rf7 Re2 68. Bb4 Ke8 69. Rf8+ Kd7 70. Ra8 Re3 71. Ra7+
Ke8 72. Bc5 Re2 73. Bd6 Re1 74. Be5 Re2 75. Ke6 Rd2 76. Rg7 Rf2 77. Re7+ Kd8
78. Rd7+ Ke8 79. Rh7 Rf8 80. Re7+ Kd8 81. Bc7+ Kc8 82. Bg3 Rf3 83. Rc7+ Kd8 84.
Rg7 Re3+ 85. Be5 Kc8 86. Rc7+ Kd8 87. Rb7 1-0

[Event "Caledonian Masters 1st"]
[Site "Edinburgh, Capital Moat House"]
[Date "1996.12.16"]
[Round "4"]
[White "Ferguson, Mark"]
[Black "Richardson, John R"]
[Result "1/2-1/2"]
[WhiteElo "2385"]
[BlackElo "2310"]
[PlyCount "56"]
[EventDate "1996.12.15"]
[EventType "tourn"]
[EventRounds "9"]
[EventCountry "SCO"]
[EventCategory "4"]
[SourceTitle "BritBase"]
[Source "John Saunders"]
[SourceDate "2024.07.04"]
[SourceVersion "1"]
[SourceVersionDate "2024.07.04"]
[SourceQuality "1"]

1. e4 c6 2. d4 d5 3. e5 Bf5 4. Nf3 e6 5. Be2 Nd7 6. O-O c5 7. c3 h6 8. Re1 Ne7
9. dxc5 Nxc5 10. Bb5+ Nd7 11. Nd4 Bg6 12. Qg4 a6 13. Bxd7+ Qxd7 14. Nd2 Nc6 15.
b3 Nxd4 16. Qxd4 Rc8 17. Bb2 Bc5 18. Qf4 O-O 19. c4 Rfd8 20. Rac1 Bb4 21. cxd5
Rxc1 22. Bxc1 Bxd2 23. Qxd2 Qxd5 24. Rd1 Qxd2 25. Rxd2 Rxd2 26. Bxd2 Bb1 27. a3
Bc2 28. b4 Kf8 1/2-1/2

[Event "Caledonian Masters 1st"]
[Site "Edinburgh, Capital Moat House"]
[Date "1996.12.16"]
[Round "4"]
[White "Mannion, Stephen R"]
[Black "Kinsman, Andrew PH"]
[Result "1/2-1/2"]
[WhiteElo "2365"]
[BlackElo "2400"]
[PlyCount "32"]
[EventDate "1996.12.15"]
[EventType "tourn"]
[EventRounds "9"]
[EventCountry "SCO"]
[EventCategory "4"]
[SourceTitle "BritBase"]
[Source "John Saunders"]
[SourceDate "2024.07.04"]
[SourceVersion "1"]
[SourceVersionDate "2024.07.04"]
[SourceQuality "1"]

1. e4 e6 2. d4 d5 3. Nd2 Nf6 4. e5 Nfd7 5. c3 c5 6. f4 Nc6 7. Ndf3 Qb6 8. g3
Be7 9. Kf2 cxd4 10. cxd4 g5 11. fxg5 Ndxe5 12. Nxe5 Nxe5 13. Kg2 Nc6 14. Nf3
Bd7 15. Be2 Bf8 16. b3 Bg7 1/2-1/2

[Event "Caledonian Masters 1st"]
[Site "Edinburgh, Capital Moat House"]
[Date "1996.12.16"]
[Round "4"]
[White "Shaw, John Kerr"]
[Black "Grant, Jonathan"]
[Result "1-0"]
[WhiteElo "2355"]
[BlackElo "2265"]
[PlyCount "159"]
[EventDate "1996.12.15"]
[EventType "tourn"]
[EventRounds "9"]
[EventCountry "SCO"]
[EventCategory "4"]
[SourceTitle "BritBase"]
[Source "John Saunders"]
[SourceDate "2024.07.04"]
[SourceVersion "1"]
[SourceVersionDate "2024.07.04"]
[SourceQuality "1"]

1. e4 c6 2. Ne2 d5 3. e5 Bg4 4. d4 e6 5. c3 Ne7 6. Qb3 Qb6 7. Ng3 h5 8. h3 Bf5
9. Nxf5 Nxf5 10. Bd3 g6 11. Nd2 Nd7 12. Nf3 h4 13. Bg5 Be7 14. Bxe7 Qxb3 15.
axb3 Kxe7 16. b4 a6 17. Kd2 Rad8 18. Rag1 Rdg8 19. g3 hxg3 20. fxg3 g5 21. Bxf5
exf5 22. h4 g4 23. Ne1 f6 24. Nd3 fxe5 25. dxe5 b6 26. Rf1 Rf8 27. Rf2 c5 28.
Re1 Rh6 29. Nf4 cxb4 30. Nxd5+ Ke6 31. Nc7+ Ke7 32. Nd5+ Ke6 33. Nf4+ Ke7 34.
cxb4 Rc6 35. e6 Rd6+ 36. Ke2 Ne5 37. Kf1 Nf3 38. Ng6+ Ke8 39. Nxf8 Nxe1 40.
Kxe1 Kxf8 41. Rxf5+ Ke7 42. Rf4 Rxe6+ 43. Kd2 Rg6 44. Ke3 Ke6 45. Ke4 Rg8 46.
Rf5 Rc8 47. Re5+ Kf6 48. Kf4 Rc2 49. Rf5+ Kg6 50. h5+ Kg7 51. Kg5 a5 52. bxa5
bxa5 53. Rxa5 Rxb2 54. Ra7+ Kh8 55. Kxg4 Rb4+ 56. Kg5 Rb5+ 57. Kh4 Kg8 58. g4
Rb1 59. h6 Rh1+ 60. Kg5 Rb1 61. Kg6 Rb6+ 62. Kh5 Rb1 63. g5 Rb5 64. Rg7+ Kh8
65. Rf7 Kg8 66. Rf6 Kh7 67. Rf7+ Kg8 68. Rf4 Kh7 69. Kg4 Rb7 70. Re4 Ra7 71.
Kh5 Ra5 72. Re7+ Kh8 73. Kg6 Ra8 74. Kf6 Kg8 75. g6 Rb8 76. Rd7 Rb6+ 77. Kf5
Rb8 78. Ke6 Re8+ 79. Kd6 Rc8 80. Ke7 1-0